| 000 | 00000nas##2200000za#4500 |
| 001 | 9.503982 |
| 003 | CaOODSP |
| 005 | 20200325094404 |
| 007 | cr ||||||||||| |
| 008 | 150406c2004||||xxc|| p o||||f| |0fre|d |
| 040 | |aCaOODSP|bfre |
| 043 | |an-cn--- |
| 086 | 1 |aNH2-3F-PDF |
| 110 | 1 |aCanada. |bSociété canadienne d'hypothèques et de logement. |bCentre d'analyse de marché. |
| 245 | 10|aIntentions d'achat ou de rénovation des consommateurs : |h[ressource électronique]|baperçu des principaux marchés - tableaux sur les intentions |
| 246 | 13|aIntentions des consommateurs d'acheter ou de rénover une habitation : aperçu des principaux marchés - tableaux sur les intentions |
| 260 | |aOttawa - Ontario : |bSociété canadienne d'hypothèques et de logement. |
| 310 | |aAnnuel |
| 362 | 1 |a2004 - 2006 |
| 691 | 07|aConsommateur|2gcpds |
| 691 | 07|aLogement|2gcpds |
| 691 | 07|aRénovation domiciliaire|2gcpds |
| 775 | 08|tConsumer intentions to buy or renovate : |w(CaOODSP)9.507597 |